banner-ar

TOKYO MUSEUMS: ACOMPLETE CRUIDE / (Record no. 19198)

MARC details
000 -الفاتح
حقل البيانات ثابتة الطول 00535nam a2200205Ia 4500
008 - عناصر البيانات ثابتة الطول - معلومات عامة
حقل البيانات ثابتة الطول 140319s9999 xx 000 0 eng d
040 ## - مصدر الفهرسة
وكالة الفهرسة الأصلية GCL /
وكالة النسخ GCL
082 04 - رقم تصنيف ديوى العشرى
رقم التصنيف 952
رقم المادة F T
100 1# - المدخل الرئيسى - إسم شخصى
الإسم الشخصى FLANNIGAN, ELLEN
245 10 - بيان العنوان
العنوان TOKYO MUSEUMS: ACOMPLETE CRUIDE /
بيان المسئوليه,etc FLANNIGAN, ELLEN
700 1# - المدخل الاضافى - اسم شخصى
الإسم الشخصى FLANNIGAN, PHOMAS
260 ## - PUBLICATION, DISTRIBUTION, ETC. (IMPRINT)
تاريخ النشر أو التوزيع 1993
300 ## - الوصف المادى
التعداد 245 PP
650 04 - المدخل الاضافى بالموضوع-مصطلح موضوعى
مصطلح موضوعي MUSEUMS
650 04 - المدخل الاضافى بالموضوع-مصطلح موضوعى
مصطلح موضوعي JAPAN
650 04 - المدخل الاضافى بالموضوع-مصطلح موضوعى
مصطلح موضوعي TOKYO
650 04 - المدخل الاضافى بالموضوع-مصطلح موضوعى
مصطلح موضوعي TRAVEL GUIDEBOOKS
942 ## - عناصر المدخل الإضافي( كوها)
مصدر التصنيف او مخطط الترفيف Dewey Decimal Classification
Koha [default] item type كتاب
260 ## - PUBLICATION, DISTRIBUTION, ETC. (IMPRINT)
-- [S.N] :
-- CHARLES E. MENILL PUBLISHING COMPANY ،
Holdings
حالة التراجع حالة الفقد حالة تلف ليس للاعارة المكان المؤقت الموقع الحالى تاريخ الاكتساب اجمالي اﻻعارات رقم الطلب الباركود تاريخ اخر مشاهدة تاريخ تفعيل السعر نوع وعاء كوها
        مكتبة القاهرة الكبرى مكتبة القاهرة الكبرى 03/26/2014   952\F T 36746 03/26/2014 03/26/2014 كتاب

Powered By

EGPV